Central Library || Chittagong University

সমাজবিদ্যা শিক্ষণের বিষয়বস্তু ও পদ্ধতিগত কৌশল (Record no. 99291)

MARC details
000 -LEADER
fixed length control field 00973nam a2200253 a 4500
001 - CONTROL NUMBER
control field 099291
003 - CONTROL NUMBER IDENTIFIER
control field BD-ChCU
005 - DATE AND TIME OF LATEST TRANSACTION
control field 20230204170635.0
008 - FIXED-LENGTH DATA ELEMENTS--GENERAL INFORMATION
fixed length control field 014s2018 aii b 001 eng
020 ## - INTERNATIONAL STANDARD BOOK NUMBER
International Standard Book Number ৮১ ৮৯১৬৯ ৪২ ৪
040 ## - CATALOGING SOURCE
Original cataloging agency DLC
Transcribing agency DLC
Modifying agency BD-ChCU
082 00 - DEWEY DECIMAL CLASSIFICATION NUMBER
Classification number ৩০০.৭/সমা৭৫
100 ## - MAIN ENTRY--PERSONAL NAME
Personal name প্রমানিক, সুরপতি....(et.al.).
Titles and words associated with a name
245 ## - TITLE STATEMENT
Title সমাজবিদ্যা শিক্ষণের বিষয়বস্তু ও পদ্ধতিগত কৌশল
Statement of responsibility, etc.
--
246 ## - VARYING FORM OF TITLE
Title proper/short title Somajbidda shikhoner bishoybostu o poddoti kousol.
--
--
250 ## - EDITION STATEMENT
Edition statement সং
260 ## - PUBLICATION, DISTRIBUTION, ETC.
Place of publication, distribution, etc. আহেলি পাব.
Date of publication, distribution, etc. কলকাতা
-- ২০১৪
300 ## - PHYSICAL DESCRIPTION
Extent ২২৪পৃ.
504 ## - BIBLIOGRAPHY, ETC. NOTE
Bibliography, etc. note Includes index and bibliography
650 #0 - SUBJECT ADDED ENTRY--TOPICAL TERM
Topical term or geographic name entry element সমাজবিজ্ঞান - শিক্ষা ৷
Location of event সমাজবিজ্ঞান
650 #0 - SUBJECT ADDED ENTRY--TOPICAL TERM
Topical term or geographic name entry element Somajbighan - Shikha.
700 1# - ADDED ENTRY--PERSONAL NAME
Personal name
942 ## - ADDED ENTRY ELEMENTS (KOHA)
Source of classification or shelving scheme Dewey Decimal Classification
Koha item type Books
Holdings
Withdrawn status Lost status Source of classification or shelving scheme Damaged status Not for loan Home library Current library Date acquired Source of acquisition Total Checkouts Full call number Barcode Date last seen Copy number Price effective from Koha item type
    Dewey Decimal Classification     Chittagong University Library Chittagong University Library 02/25/2018 ক্রয়কৃত   ৩০০.৭/সমা৭৫ B৩১৫৭৫৬ 02/25/2018 ০১ 02/25/2018 Books
© Copyright 2025. Chittagong University Library, Installation and Maintenance by Prof. Dr. Md. Alamgir, 01711306253